Statistiques concernant Les 8 planètes

Cliquez ici pour prendre le quiz!

Statistiques générales

  • Ce quiz a été pris 81,631 fois
  • Le résultat moyen est 7 sur 8

Statistiques - réponses

Planète % Correct
Terre
98%
Mars
98%
Saturne
93%
Jupiter
92%
Vénus
91%
Uranus
88%
Mercure
84%
Neptune
81%

Distribution des résultats

Percentile par nombre de réponses

% des personnes avec chaque résultat

Votre développement - résultats

Vous n’avez pas pris ce quiz